CPO reforms on the way (Record no. 71946)
[ view plain ]
| 000 -LEADER | |
|---|---|
| fixed length control field | 00899cam a2200169 4500 |
| 001 - CONTROL NUMBER | |
| control field | WB3903-03 |
| 008 - FIXED-LENGTH DATA ELEMENTS--GENERAL INFORMATION | |
| fixed length control field | 030121n2003 000 0 eng u |
| 035 ## - SYSTEM CONTROL NUMBER | |
| System control number | (Sirsi) u121084 |
| 245 ## - TITLE STATEMENT | |
| Title | CPO reforms on the way |
| 260 ## - PUBLICATION, DISTRIBUTION, ETC. | |
| Date of publication, distribution, etc. | 2003 |
| 490 ## - SERIES STATEMENT | |
| Series statement | Regeneration and Renewal |
| Volume/sequential designation | 17 January 2003, 10(1) |
| 520 ## - SUMMARY, ETC. | |
| Summary, etc. | The Law Commission has issued wide ranging proposals to reform compulsory purchase procedures to make it simpler and cheaper to assemble land for regeneration. The report follows a previous consultation document in 2002. The earliest they could come into effect would be summer/autumn 2004, depending on availability of parliamentary time. The document can be downloaded in full from www.lawcom.gov.uk |
| 590 ## - LOCAL NOTE (RLIN) | |
| Local note | WB |
| 650 ## - SUBJECT ADDED ENTRY--TOPICAL TERM | |
| Topical term or geographic name entry element | COMPULSORY PURCHASE ORDERS |
| 690 ## - LOCAL SUBJECT ADDED ENTRY--TOPICAL TERM (OCLC, RLIN) | |
| Topical term or geographic name as entry element | ENVIRONMENTAL AND LAND CONSULTANCY-PLANNING AND DEVELOPMENT-COMPULSORY PURCHASE AND COMPENSATION |
| 942 ## - ADDED ENTRY ELEMENTS (KOHA) | |
| Suppress in OPAC | 0 |
| Withdrawn status | Lost status | Source of classification or shelving scheme | Damaged status | Not for loan | Home library | Current library | Shelving location | Date acquired | Total Checkouts | Full call number | Barcode | Date last seen | Copy number | Price effective from | Koha item type |
|---|---|---|---|---|---|---|---|---|---|---|---|---|---|---|---|
| Dewey Decimal Classification | London | London | News article | 21/01/2003 | WB3903-03 | 121084-1001 | 06/08/2019 | 1 | 06/08/2019 | News article |